| 000 | 00436nam a22001097a 4500 | ||
|---|---|---|---|
| 008 | 230707b |||||||| |||| 00| 0 eng d | ||
| 040 |
_aNational Science Library _cNational Science Library |
||
| 245 |
_aAdvanced digital processing techniques, signal analysis industries corporation _c/ Rome Air Development Center Griffiss Air Force May 1970 |
||
| 260 |
_aUS: _bUS Department of Commerce, _c1970 |
||
| 300 | _avi, 104p. | ||
| 942 |
_2udc _cREF |
||
| 999 |
_c50816 _d50816 |
||